Rich dad, poor dad : (Record no. 8533)
[ view plain ]
| 000 -LEADER | |
|---|---|
| fixed length control field | 00702nam a22002297a 4500 |
| 003 - CONTROL NUMBER IDENTIFIER | |
| control field | SISC |
| 005 - DATE AND TIME OF LATEST TRANSACTION | |
| control field | 20160404141206.0 |
| 008 - FIXED-LENGTH DATA ELEMENTS--GENERAL INFORMATION | |
| fixed length control field | 130814t xxu||||| |||| 00| 0 eng d |
| 020 ## - INTERNATIONAL STANDARD BOOK NUMBER | |
| International Standard Book Number | 0446611093 |
| 050 ## - LIBRARY OF CONGRESS CALL NUMBER | |
| Classification number | HG 179 |
| Item number | .K62 1998 |
| 082 ## - DEWEY DECIMAL CLASSIFICATION NUMBER | |
| Classification number | HS 332.024 |
| Item number | K65 1998 |
| 100 ## - MAIN ENTRY--PERSONAL NAME | |
| Personal name | Kiyosaki, Robert T. |
| 9 (RLIN) | 10101 |
| 245 ## - TITLE STATEMENT | |
| Title | Rich dad, poor dad : |
| Remainder of title | what the rich teach their kids about money-- that the poor and middle class do not! |
| Statement of responsibility, etc | Robert T. Kiyosaki. |
| 260 ## - PUBLICATION, DISTRIBUTION, ETC. (IMPRINT) | |
| Place of publication, distribution, etc | New York : |
| Name of publisher, distributor, etc | Warner Books Inc, |
| Date of publication, distribution, etc | c1998. |
| 300 ## - PHYSICAL DESCRIPTION | |
| Extent | 266 p. : |
| Dimensions | 17 cm. |
| 650 ## - SUBJECT ADDED ENTRY--TOPICAL TERM | |
| Topical term or geographic name as entry element | Finance, Personal. |
| 9 (RLIN) | 10102 |
| 650 ## - SUBJECT ADDED ENTRY--TOPICAL TERM | |
| Topical term or geographic name as entry element | Investments. |
| 9 (RLIN) | 9769 |
| 942 ## - ADDED ENTRY ELEMENTS (KOHA) | |
| Source of classification or shelving scheme | Library of Congress Classification |
| Koha item type | Books |
| Withdrawn status | Lost status | Source of classification or shelving scheme | Damaged status | Home library | Current library | Shelving location | Date acquired | Total Checkouts | Total Renewals | Full call number | Barcode | Date last seen | Date checked out | Copy number | Price effective from | Koha item type | Source of acquisition | Sub Shelving location |
|---|---|---|---|---|---|---|---|---|---|---|---|---|---|---|---|---|---|---|
| Library of Congress Classification | Luxembourg Library | Luxembourg Library | High School Section | 08/14/2013 | 7 | 21 | HG 179 .K62 1998 | 16339 | 08/13/2018 | 08/03/2018 | 1 | 08/14/2013 | Books | |||||
| Library of Congress Classification | Luxembourg Library | Luxembourg Library | High School Section | 08/14/2013 | 9 | 14 | HG 179 .K62 1998 | 16392 | 11/17/2023 | 11/14/2023 | 2 | 08/14/2013 | Books | |||||
| Library of Congress Classification | Luxembourg Library | Luxembourg Library | High School Section | 08/14/2013 | 5 | 27 | HG 179 .K62 1998 | 14395 | 04/17/2018 | 01/17/2018 | 3 | 08/14/2013 | Books | |||||
| Library of Congress Classification | Luxembourg Library | Luxembourg Library | High School Section | 06/08/2015 | 11 | 41 | HG 179 .K62 1998 | 19970 | 05/26/2023 | 05/19/2023 | 06/08/2015 | Books | Donation |